000 00804nam a2200265 a 4500
003 DO-SdBPM
005 20241203100359.0
007 ta
008 221101e2022 dr |||er ||001 spa d
020 _a9789945640007
040 _aDO-SdBPM
_bspa
_cBPMSU
082 4 _aRD863.5
_bR457L 2022
_222
100 1 _aReyes, José
245 1 3 _aEl legado /
_cJosé Reyes
260 _aSanto Domingo :
_bEditora Voces y Libros,
_c2022.
300 _a90 p. ;
_c23 cm.
500 _aIncluye datos biográficos del autor en las solapas de las cubiertas.
590 _aInventariado 2024 /VM
650 4 _aNovelas dominicanas
_z
_v
650 4 _aLiteratura dominicana
650 4 _aRelatos personales
_vNovelas
650 4 _aFamilia
_vNovela
910 _aVMateo V. Control de calidad. BPMSU
942 _2ddc
_cBK
999 _c14877
_d14877